000 00452nam a2200193Ia 4500
003 OSt
005 20140311163114.0
008 140130s9999 xx 000 0 und d
050 _aPZ 7
_b.F6395Be 2008
100 _aFlinn, Alex
_917309
245 _aBestly /
_cAlex Flinn.
260 _bScholastic,
_c2008.
_aNew York :
300 _a304 p :
_c18 cm.
440 _v1
_931174
521 _aG3
526 _c580
942 _cBK
_2lcc
999 _c40697
_d40697